|
|
|
|
| LEADER |
01832nam a2200493 a 4500 |
| 001 |
nkc20142603248 |
| 003 |
CZ PrNK |
| 005 |
20140801121554.0 |
| 007 |
ta |
| 008 |
140630s2014 xr a f 000 0 cze |
| 015 |
|
|
|a cnb002603248
|
| 020 |
|
|
|a 978-80-263-0710-5
|q (Tribun EU :
|q brož.)
|
| 035 |
|
|
|a (OCoLC)886606675
|
| 040 |
|
|
|a OLA001
|b cze
|d ABA001
|
| 072 |
|
7 |
|a 656
|x Doprava
|2 Konspekt
|9 4
|
| 080 |
|
|
|a 656.025.4.022.9
|2 MRF
|
| 080 |
|
|
|a (048.8:082)
|2 MRF
|
| 100 |
1 |
|
|a Cempírek, Václav,
|d 1954-
|7 jn20001005555
|4 aut
|
| 245 |
1 |
0 |
|a Logistické a přepravní technologie /
|c Václav Cempírek, Rudolf Kampf, Jaromír Široký
|
| 250 |
|
|
|a Vyd. 2.
|
| 260 |
|
|
|a Pardubice :
|b Institut Jana Pernera,
|c 2014
|
| 300 |
|
|
|a 188 s. :
|b il. ;
|c 25 cm
|
| 490 |
1 |
|
|a Librix.eu
|
| 500 |
|
|
|a Pod názvem: Institut Jana Pernera, o.p.s., Pardubice
|
| 500 |
|
|
|a Terminologický slovník
|
| 500 |
|
|
|a 200 výt.
|
| 504 |
|
|
|a Obsahuje bibliografii
|
| 521 |
8 |
|
|a Pro školy, dopravní a logistické společnosti a pro dopravní odborníky
|
| 550 |
|
|
|a Vydavatel: Tribun EU
|
| 650 |
0 |
7 |
|a dopravní logistika
|7 ph436695
|2 czenas
|
| 650 |
0 |
9 |
|a transportation logistics
|2 eczenas
|
| 655 |
|
7 |
|a kolektivní monografie
|7 fd501537
|2 czenas
|
| 655 |
|
9 |
|a collective monographs
|2 eczenas
|
| 700 |
1 |
|
|a Kampf, Rudolf,
|d 1971-
|7 mzk2005289953
|4 aut
|
| 700 |
1 |
|
|a Široký, Jaromír,
|d 1975-
|7 jo2014808620
|4 aut
|
| 710 |
2 |
|
|a Institut Jana Pernera
|7 ko2002103540
|
| 830 |
|
0 |
|a Librix.eu
|0 s
|
| 910 |
2 |
|
|a BOA001
|b 2-1257.950
|
| 928 |
9 |
|
|a Tribun EU
|
| 990 |
|
|
|a BK
|
| 995 |
|
|
|a 01
|
| 991 |
|
|
|b 201408
|c NOV
|j 656 CEM
|e n
|
| 996 |
6 |
|
|b 2610599944
|c 2-1257.950
|l MZK
|r Sklad / do 1 hodiny
|n 26
|p p.v.
|w 001442661
|u 000010
|a 1
|e BOA001
|j MZK50
|s P
|
| 996 |
6 |
|
|b 2610599945
|c 2-1257.950
|l MZK
|r STM 6p
|n 0
|p p.v.
|h 656 CEM
|w 001442661
|u 000020
|a 0
|e BOA001
|j MZK50
|s P
|